00799nam a2200253 a 450000100060000000300080000600500170001400800410003102000230007203500190009504000350011404100080014908200260015710000270018324500710021025000120028126000620029330000200035550400400037565000280041565000390044365000390048270000240052145951BD-RjUL20211209054104.0300716m19881971ja b 000 0 eng d a: 0870114948 (pbk) a(BD-RjUL)46069 aBD-RjULbengcBD-RjULdBD-RjUL aeng 223a155.232bDOA 19881 aDoi, Takeod1920-2009.14aThe anatomy of dependence /cTakeo Doi ; translated by John Bester a1st ed. aTokyo :bKodansha International,c1971,[8th Printing1988] a180 p. ;c19 cm aIncludes bibliographical references 0aDependency (Psychology) 0aNational characteristics, American 0aNational characteristics, Japanese1 aBester, Johnd1927-